000 00670nam a2200241Ia 4500
003 OSt
005 20220925201851.0
006 a|||||r|||| 00| 0
007 ta
008 220923b |||||||| |||| 00| 0 eng d
037 _cGeneral Book
040 _aRTL
_cRTL
_beng
041 _2eng
_aeng
082 _aV237:91.N67, L3
100 _aVarma S P
245 0 _aVoting behaviour an a changing society
_b A case stu
260 _aDelhi
_bNational
_c1973
300 _aix, 385p
_ccm.
500 _aAppendixes: P 371-74
650 _aHistory of Rajasthan
942 _hV237:91.N67, L3
_cGB
_2CC
999 _c541538
_d541538